[Event "ZI-2014-0-01903"]
[Site "LSS email"]
[Date "2014.11.22"]
[Round "?"]
[White "Hardyn, Tomas"]
[Black "Michel, Henri"]
[Result "0-1"]
[WhiteElo "1262"]
[BlackElo "1346"]
[PlyCount "46"]
[EventDate "2014.11.07"]
[EventType "match (corr)"]
[EventRounds "2"]
[EventCountry "GER"]
[SourceTitle "Corr 2015"]
[Source "ChessBase"]
[SourceDate "2015.07.17"]
[SourceVersion "1"]
[SourceVersionDate "2015.07.17"]
[SourceQuality "1"]

1. e4 c5 2. Nf3 e6 3. d4 cxd4 4. Nxd4 Nc6 5. Nc3 Qc7 6. Ndb5 Qb8 7. Be2 d6 8. Bf4 e5 9. Bg3 a6 10. Na3 Nf6 11. Bh4 Be7 12. Bxf6 Bxf6 13. Nc4 Be7 14. Nb6 Ra7 15. Nxc8 Qxc8 16. 0-0 0-0 17. Bg4 Qb8 18. Nd5 g6 19. Qf3 b5 20. c3 h5 21. Bh3 b4 22. a3 bxc3 23. bxc3 Bg5 0-1

[Event "ZI-2014-0-01902"]
[Site "LSS email"]
[Date "2014.11.21"]
[Round "?"]
[White "Hardyn, Tomas"]
[Black "Kazmierski, Tomasz"]
[Result "0-1"]
[WhiteElo "1262"]
[BlackElo "2027"]
[PlyCount "34"]
[EventDate "2014.11.04"]
[EventType "match (corr)"]
[EventRounds "2"]
[EventCountry "GER"]
[SourceTitle "Corr 2015"]
[Source "ChessBase"]
[SourceDate "2015.07.17"]
[SourceVersion "1"]
[SourceVersionDate "2015.07.17"]
[SourceQuality "1"]

1. e4 e6 2. d4 d5 3. exd5 exd5 4. Nf3 Nf6 5. Nc3 Bd6 6. Bg5 c6 7. Be2 0-0 8. 0-0 h6 9. Bh4 Bf5 10. Qd2 Nbd7 11. Rae1 Re8 12. Bd3 Be4 13. Bg3 Bxd3 14. Qxd3 Bxg3 15. fxg3 Qb6 16. b3 Qb4 17. a4 Nf8 0-1

[Event "LSS No Engine Cup 121 Preliminary 0"]
[Site "LSS email"]
[Date "2014.11.13"]
[Round "?"]
[White "Hardyn, Tomas"]
[Black "Rada, Karel"]
[Result "1-0"]
[WhiteElo "1600"]
[BlackElo "1600"]
[PlyCount "81"]
[EventDate "2014.11.14"]
[EventType "tourn (corr)"]
[EventRounds "6"]
[EventCountry "GER"]
[SourceTitle "Corr 2022"]
[Source "ChessBase"]
[SourceDate "2021.10.24"]
[SourceVersion "1"]
[SourceVersionDate "2021.10.24"]
[SourceQuality "1"]

1. e4 e5 2. Nf3 Nf6 3. Nxe5 d6 4. Nf3 Nxe4 5. d3 Nf6 6. Bg5 h6 7. Bxf6 Qxf6 8. Nc3 c6 9. d4 d5 10. Be2 Bd6 11. 0-0 0-0 12. Re1 Re8 13. Bd3 Re6 14. Ne2 Nd7 15. Qd2 Nf8 16. Ng3 Ng6 17. Nh5 Qe7 18. Bf5 Rxe1+ 19. Rxe1 Qf8 20. Bxg6 fxg6 21. Ng3 Bd7 22. Ne5 Bf5 23. c3 Re8 24. b3 a5 25. Re3 Qf6 26. c4 dxc4 27. bxc4 Bxe5 28. Qe2 Rd8 29. dxe5 Qe6 30. h3 Rd4 31. Qb2 Rxc4 32. Qxb7 Rc5 33. Nxf5 gxf5 34. Qb3 Rd5 35. Re1 f4 36. a4 g5 37. Qb7 h5 38. Rb1 Rxe5 39. Qa8+ Kg7 40. Rb7+ Kg6 41. Qf8 1-0

[Event "LSS No Engine Cup 121 Preliminary 0"]
[Site "LSS email"]
[Date "2014.11.13"]
[Round "?"]
[White "Kalinin, Vyacheslav"]
[Black "Hardyn, Tomas"]
[Result "1-0"]
[WhiteElo "1581"]
[BlackElo "1600"]
[PlyCount "59"]
[EventDate "2014.11.14"]
[EventType "tourn (corr)"]
[EventRounds "6"]
[EventCountry "GER"]
[SourceTitle "Corr 2022"]
[Source "ChessBase"]
[SourceDate "2021.10.24"]
[SourceVersion "1"]
[SourceVersionDate "2021.10.24"]
[SourceQuality "1"]

1. e4 c5 2. Nf3 Nc6 3. d4 cxd4 4. Nxd4 Nf6 5. Nc3 Nxd4 6. Qxd4 d6 7. Bg5 h6 8. Bxf6 gxf6 9. Bb5+ Bd7 10. 0-0-0 Bxb5 11. Nxb5 a6 12. Nc3 Rg8 13. f4 Rxg2 14. e5 fxe5 15. fxe5 Rg5 16. exd6 Qxd6 17. Qf2 Qc5 18. Qf3 Qc6 19. Ne4 Rc8 20. c3 Re5 21. Rhf1 Qe6 22. Ng3 Qxa2 23. Qxb7 Qe6 24. Rf4 Rb5 25. Qf3 Qa2 26. Kd2 Qxb2+ 27. Ke1 Qxc3+ 28. Qxc3 Rxc3 29. Rfd4 f5 30. Nh5 1-0

[Event "ZI-2014-0-01900"]
[Site "LSS email"]
[Date "2014.11.09"]
[Round "?"]
[White "Ederer, Karel"]
[Black "Hardyn, Tomas"]
[Result "1-0"]
[WhiteElo "1886"]
[BlackElo "1419"]
[PlyCount "51"]
[EventDate "2014.10.29"]
[EventType "match (corr)"]
[EventRounds "2"]
[EventCountry "GER"]
[SourceTitle "Corr 2015"]
[Source "ChessBase"]
[SourceDate "2015.07.17"]
[SourceVersion "1"]
[SourceVersionDate "2015.07.17"]
[SourceQuality "1"]

1. e4 e5 2. Nf3 Nc6 3. Bb5 Nf6 4. d3 Nd4 5. Nxd4 exd4 6. 0-0 c6 7. e5 Nd5 8. Bc4 d6 9. Bxd5 cxd5 10. Bf4 Qb6 11. Re1 dxe5 12. Bxe5 Kd8 13. Qf3 Be6 14. Nd2 Bb4 15. c3 dxc3 16. bxc3 Bf8 17. Nb3 Qc6 18. Nd4 Qd7 19. Qg3 Bc5 20. Qxg7 Re8 21. a4 Rc8 22. Qxh7 Be7 23. Rab1 b6 24. a5 bxa5 25. f4 Bc5 26. Qh4+ 1-0

[Event "ZI-2014-0-01885"]
[Site "LSS email"]
[Date "2014.10.10"]
[Round "?"]
[White "Haim, Alain"]
[Black "Hardyn, Tomas"]
[Result "1-0"]
[WhiteElo "1557"]
[BlackElo "1262"]
[PlyCount "79"]
[EventDate "2014.09.29"]
[EventType "match (corr)"]
[EventRounds "2"]
[EventCountry "GER"]
[SourceTitle "Corr 2015"]
[Source "ChessBase"]
[SourceDate "2015.07.17"]
[SourceVersion "1"]
[SourceVersionDate "2015.07.17"]
[SourceQuality "1"]

1. d4 d5 2. c4 dxc4 3. e3 Be6 4. Nf3 Nf6 5. Nc3 c6 6. Ng5 Qd7 7. Be2 Bg4 8. f3 Bf5 9. Bxc4 e6 10. e4 Bg6 11. Be3 Bb4 12. 0-0 0-0 13. Qb3 Be7 14. Nxe6 fxe6 15. Bxe6+ Bf7 16. Bxf7+ Rxf7 17. Bf2 Nh5 18. g3 b6 19. e5 Qb7 20. d5 cxd5 21. Nxd5 Nc6 22. Rac1 Na5 23. Qd3 Rd8 24. Rfd1 Rff8 25. f4 g6 26. Qf3 Rc8 27. Rxc8 Rxc8 28. f5 Rf8 29. f6 Bd8 30. g4 Nxf6 31. exf6 Qf7 32. g5 Nc6 33. Bg3 b5 34. Qd3 a6 35. Rc1 Qe8 36. Qc3 Na5 37. Qd3 Nc6 38. Bd6 Rf7 39. Qc3 Na7 40. Ne7+ 1-0

[Event "CP-2014-P-00038"]
[Site "LSS email"]
[Date "2014.09.30"]
[Round "?"]
[White "Hardyn, Tomas"]
[Black "Caillet, Serge"]
[Result "0-1"]
[WhiteElo "1500"]
[BlackElo "1981"]
[PlyCount "48"]
[EventDate "2014.10.01"]
[EventType "tourn (corr)"]
[EventRounds "6"]
[EventCountry "GER"]
[SourceTitle "Corr 2022"]
[Source "ChessBase"]
[SourceDate "2021.10.24"]
[SourceVersion "1"]
[SourceVersionDate "2021.10.24"]
[SourceQuality "1"]

1. f4 Nf6 2. Nf3 d5 3. e3 g6 4. d3 Bg7 5. Be2 0-0 6. 0-0 c5 7. Ne5 Nfd7 8. d4 e6 9. b3 Nxe5 10. fxe5 f6 11. exf6 Rxf6 12. Bf3 Nc6 13. c3 b6 14. Ba3 Ba6 15. Re1 Rxf3 16. gxf3 cxd4 17. exd4 e5 18. dxe5 Nxe5 19. Be7 Qd7 20. Bg5 Rf8 21. f4 Nd3 22. Re3 Qf5 23. h4 Nxf4 24. Bxf4 Qxf4 0-1

[Event "SD-2014-0-00200"]
[Site "LSS email"]
[Date "2014.09.03"]
[Round "?"]
[White "Hardyn, Tomas"]
[Black "Cvak, Rudolf"]
[Result "1/2-1/2"]
[WhiteElo "1500"]
[BlackElo "1747"]
[PlyCount "40"]
[EventDate "2014.07.13"]
[EventType "tourn (corr)"]
[EventRounds "6"]
[EventCountry "GER"]
[SourceTitle "Corr 2022"]
[Source "ChessBase"]
[SourceDate "2021.10.24"]
[SourceVersion "1"]
[SourceVersionDate "2021.10.24"]
[SourceQuality "1"]

1. d4 e6 2. c4 Nf6 3. Nf3 b6 4. g3 Ba6 5. b3 Bb4+ 6. Bd2 Be7 7. Bg2 c6 8. Bc3 d5 9. Ne5 Nfd7 10. Nxd7 Nxd7 11. Nd2 0-0 12. 0-0 Rc8 13. e4 b5 14. Re1 bxc4 15. bxc4 dxc4 16. Qa4 Bb5 17. Qc2 Re8 18. a4 Ba6 19. Rad1 Bf8 20. Nf1 Rb8 1/2-1/2

[Event "OP-2014-0-03482"]
[Site "LSS email"]
[Date "2014.08.27"]
[Round "?"]
[White "Reinecke, Juergen"]
[Black "Hardyn, Tomas"]
[Result "1/2-1/2"]
[WhiteElo "1047"]
[BlackElo "1262"]
[PlyCount "64"]
[EventDate "2014.08.22"]
[EventType "tourn (corr)"]
[EventRounds "4"]
[EventCountry "GER"]
[SourceTitle "Corr 2015"]
[Source "ChessBase"]
[SourceDate "2015.07.17"]
[SourceVersion "1"]
[SourceVersionDate "2015.07.17"]
[SourceQuality "1"]

1. e4 e5 2. Nf3 Nf6 3. Nxe5 d6 4. Nf3 Nxe4 5. d4 Bg4 6. h3 Qh4 7. Qe2 Bxf3 8. gxf3 Qxf2+ 9. Qxf2 Nxf2 10. Kxf2 Be7 11. Nc3 Bh4+ 12. Kg2 Kd8 13. Bc4 f5 14. Bf4 Nc6 15. Bg3 Bxg3 16. Kxg3 Nxd4 17. Bd3 Re8 18. Rhe1 c6 19. Rxe8+ Kxe8 20. Re1+ Kf7 21. Re3 g6 22. Ne2 Ne6 23. f4 Kf6 24. c3 d5 25. b4 a5 26. b5 c5 27. a4 Rc8 28. Re5 Nxf4 29. Rxf5+ gxf5 30. Kxf4 Re8 31. Ng3 h6 32. Bxf5 b6 1/2-1/2

[Event "OP-2014-0-03482"]
[Site "LSS email"]
[Date "2014.08.26"]
[Round "?"]
[White "Hardyn, Tomas"]
[Black "Gyongyosi, Peter Laszlo"]
[Result "1-0"]
[WhiteElo "1262"]
[BlackElo "770"]
[PlyCount "63"]
[EventDate "2014.08.22"]
[EventType "tourn (corr)"]
[EventRounds "4"]
[EventCountry "GER"]
[SourceTitle "Corr 2015"]
[Source "ChessBase"]
[SourceDate "2015.07.17"]
[SourceVersion "1"]
[SourceVersionDate "2015.07.17"]
[SourceQuality "1"]

1. e4 d5 2. exd5 Qxd5 3. Nc3 Qa5 4. Nf3 c6 5. d3 Nf6 6. Bd2 e6 7. Ne4 Qd8 8. Nxf6+ Qxf6 9. Bg5 Qxb2 10. Bd2 Qb6 11. d4 Be7 12. Rb1 Qc7 13. Bd3 0-0 14. 0-0 Nd7 15. Qe2 Nf6 16. Rfe1 Bd7 17. Qe5 Qxe5 18. dxe5 Nd5 19. Rxb7 Nb6 20. Ba5 Rfb8 21. Rc7 Rd8 22. Rd1 Bc5 23. Ng5 h6 24. Bh7+ Kf8 25. Ne4 Be7 26. Bxb6 axb6 27. Rdxd7 Rxd7 28. Rxd7 Rxa2 29. g3 g6 30. c3 Bc5 31. Rd8+ Kg7 32. Rg8+ 1-0